<The> international product life cycle concept

Salvato in:
Dettagli Bibliografici
Autore principale: van Kraay, J.M.A
Natura: Libro
Lingua:inglese
Pubblicazione: Tilburg Institute of Economics 1973
Tags: Aggiungi Tag
Nessun Tag, puoi essere il primo ad aggiungerne!!

MARC

LEADER 00000nam a2200000 4500
001 0222790
005 20240822101702.1
041 0 |a eng 
044 |a NL 
245 1 0 |a <The> international product life cycle concept  |c J.M.A. van Kraay 
264 1 |a Tilburg  |b Institute of Economics  |c 1973 
300 |a 33 s. 
100 1 |a van Kraay, J.M.A.